Aureum opus regalium privilegiorum civitatis et regni Valentie (Record no. 183945)

MARC details
000 -LEADER
campo de control de longitud fija 01150nam a2200301 i 4500
001 - NÚMERO DE CONTROL
campo de control 183945
003 - IDENTIFICADOR DE NÚMERO DE CONTROL
campo de control ES-MaACL
005 - FECHA Y HORA DE LA ÚLTIMA TRANSACCIÓN
campo de control 20230906222016.0
008 - DATOS DE LONGITUD FIJA--INFORMACIÓN GENERAL
campo de control de longitud fija 141211s1972 sp ahp |||| | lat d
080 ## - NÚMERO DE LA CLASIFICACIÓN DECIMAL UNIVERSAL
Número de la Clasificación Decimal Universal 34(460.31)
245 00 - MENCIÓN DEL TÍTULO
Título Aureum opus regalium privilegiorum civitatis et regni Valentie
Resto del título : Valencia 1515 /
Mención de responsabilidad, etc. Luis Alanya ; índices preparados por María Desamparados Cabanes Pecourt.
246 3# - FORMA VARIANTE DEL TITULO
Título propio/Titulo breve Aureum opus
250 ## - MENCION DE EDICION
Mención de edición reprod. facsímil.
260 ## - PUBLICACIÓN, DISTRIBUCIÓN, ETC.
Lugar de publicación, distribución, etc. Valencia :
Nombre del editor, distribuidor, etc. [Anubar],
Fecha de publicación, distribución, etc. 1972.
300 ## - DESCRIPCIÓN FÍSICA
Extensión 591 p. :
Otras características físicas grab. ;
Dimensiones 22 cm.
490 1# - MENCIÓN DE SERIE
Mención de serie Textos medievales ;
Designación de volumen o secuencia 33
500 ## - NOTA GENERAL
Nota general Índices.
546 ## - NOTA DE IDIOMA
Nota de lengua/lenguaje Texto en latín y valenciano. Índices en castellano.
595 ## -
-- Reprod. facs., reducida de tamaño, sobre la de 1515. Ocupa el texto viejo las p. 5 a 556.
597 ## - NOTA DE DESCRIPCIÓN FÍSICA
NOTA DE DESCRIPCIÓN FÍSICA Letra gótica, con iniciales grabadas.
597 ## - NOTA DE DESCRIPCIÓN FÍSICA
NOTA DE DESCRIPCIÓN FÍSICA Texto a dos columnas.
650 #7 - PUNTO DE ACCESO ADICIONAL DE MATERIA--TÉRMINO DE MATERIA
Término de materia o nombre geográfico como elemento de entrada Fueros-
Subdivisión geográfica Valencia (Reino)
9 (RLIN) 156058
700 1# - ENTRADA AGREGADA--NOMBRE PERSONAL
Nombre de persona Alanya, Luis.
9 (RLIN) 156059
700 1# - ENTRADA AGREGADA--NOMBRE PERSONAL
Nombre de persona Cabanes Pecourt, María Desamparados.
9 (RLIN) 33141
830 0# - PUNTO DE ACCESO ADICIONAL DE SERIE-TÍTULO UNIFORME
Título uniforme Textos medievales ;
Designación de volumen o secuencia 33
9 (RLIN) 179970
852 ## - LOCALIZACIÓN
Ubicación ES-MaACL
Número de control de estantería E-15446
Nota libre - enc. tela
Holdings
Estatus retirado Estado de pérdida Estado de daño No para préstamo Biblioteca de origen Biblioteca actual Ubicación en estantería Fecha de adquisición Fuente de adquisición Total de préstamos Signatura topográfica completa Código de barras Visto por última vez Precio de reemplazo Tipo de ítem Koha
        Biblioteca del Ateneo de Madrid Biblioteca del Ateneo de Madrid Depósito 2 11/12/2014     E-15446 1193427 23/02/2023 23/02/2023 Libro impreso